| 000 | 00468nam a22001577a 4500 | ||
|---|---|---|---|
| 005 | 20251108165228.0 | ||
| 008 | 250721s1986 xx 000 0 ara d | ||
| 082 | 1 | 4 | _a822.33/رمس |
| 100 | 1 | _aعوض، رمسيس | |
| 245 | 1 | 0 | _aشكسبير في مصر / |
| 264 | 1 |
_aالقاهرة : _bالهيئة المصرية العامة للكتاب، _c1986. |
|
| 300 | _a231ص | ||
| 650 | 1 | 7 | _aالمسرحيات الإنجليزية |
| 942 |
_2ddc _cBK |
||
| 999 |
_c22703 _d22703 |
||